02411 a2200361 45000010006000000050017000060080041000230030015000640400040000790800022001192450052001410200022001932640043002153000019002585051240002770410008015171000030015257000024015557000025015797000026016047000034016307000019016647000028016837000029017117000025017407000033017657000027017987000024018257000028018497000039018777000034019168560099019504933120260407155756.0260407a2017 arg spa dAR-UNSa-BCEJYS aAR-UNSa-BCEJYSbspacAR-UNSa-BCEJYS a657xContabilidad10aFundamentos de contabilidad superiorpNIIF-IFRS a978-987-716-064-2 1aBuenos Aires :bOsmar D. Buyattic2017 a820 p.c23 cm. aSección I: Marco conceptual de la contabilidad: 1. Historia del pensamiento de la contabilidad - 2. Contabilidad: tecnología o técnica. Su status epistemológico - 3. La contabilidad como fuente de información. El lenguaje contable - - Sección II: Reconocimiento, medición y exposición de estados financieros: 4. Componentes del patrimonio neto. Capital accionario y financiación propia - 5. Inversiones permanentes. Conjuntos económicos - 6. Activos intangibles - 7. Existencias - 8. Cuentas por cobrar comerciales. Reconocimiento, medición y análisis de deterioro - 9. Estado de situación patrimonial, estados de resultados, estado de evolución del patrimonio, estados consolidados - - Sección III: Estudio de Casos: 10. Ramas de actividades y su enfoque contable - Contabilidad agropecuaria - Contabilidad de los contratos de construcción - 11. Análisis de estados financieros - 12. La información financiera en contextos inflacionarios - 13. Prácticas contables para instrumentos financieros - - Sección IV: Certificación de calidad: 14. La influencia de la ética y los códigos de conducta empresarial - 15. Buenas prácticas de gobierno - 16. Gobernanza empresarial para las pyme.  aspa1 aScavone, Graciela María1 aViegas, Juan Carlos1 aBarbei, Alejandro A.1 aMejía Soto, Eutimio1 aRodríguez Paredes, Mercedes1 aTorres, Carlos1 aChiquiar, Walter René1 aPatiño, Ruth Alejandra1 aVera Colina, Mary A.1 aPignatta González, Alfredo1 aPérez, Jorge Orlando1 aGarcía, Sergio O.1 aDelfor Muñoz, Gustavo1 aChangmarín Reyes, Carlos Antonio1 aMora, Cayetano Angel Víctor41uhttps://www.biblioeco.unsa.edu.ar/pmb/images/libros/L127977.jpgyImagen de portadaqimage/jpeg